[Event "Titled Tue 27th May Late"]
[Site "chess.com INT"]
[Date "2025.05.27"]
[Round "6"]
[White "Kravtsiv, Martyn"]
[Black "Kucza, Karol"]
[Result "1-0"]
[WhiteTitle "GM"]
[BlackTitle "FM"]
[WhiteElo "2598"]
[BlackElo "2316"]
[WhiteFideId "14113147"]
[BlackFideId "1159755"]
[EventDate "2025.05.27"]

1. e4 e5 2. Nf3 Nc6 3. d4 exd4 4. Nxd4 Nf6 5. Nxc6 bxc6 6. e5 Qe7 7. Qe2 Nd5 8.
g3 g6 9. c4 Ba6 10. b3 Bg7 11. Bb2 O-O 12. Bg2 Rae8 13. O-O Bxe5 14. Qxe5 Qxe5
15. Bxe5 Rxe5 16. cxd5 Bxf1 17. Kxf1 cxd5 18. Nc3 c6 19. Rd1 Rb8 20. Bf3 Rb4 21.
Na4 Kf8 22. Nc5 Ke7 23. Nd3 Ree4 24. Bxe4 Rxe4 25. Nc5 Rb4 26. Ke2 Kd6 27. Nd3
Rb8 28. Rc1 a5 29. Kd2 Rb5 30. Kc3 Rb8 31. Re1 h5 32. Ne5 Rf8 33. h4 Kc7 34. Kd4
d6 35. Nd3 Kd7 36. Kc3 Rb8 37. Nf4 Rb4 38. Nh3 d4+ 39. Kc2 a4 40. Nf4 axb3+ 41.
axb3 Rb8 42. Ra1 Rb7 43. Ra6 Kc7 44. Ra8 c5 45. Ra6 Kd7 46. Nd3 Rb8 47. Ra7+ Ke6
48. Nf4+ Kf6 49. Rd7 Ke5 50. Rxf7 Rg8 51. Kd3 d5 52. Re7+ Kd6 53. Re6+ Kd7 54.
Rxg6 Rb8 55. Nxd5 Rxb3+ 56. Kc4 Rb2 57. Kxc5 d3 58. Rd6+ Kc8 59. Ne7+ Kc7 60.
Rxd3 Rxf2 61. Ng6 Rf5+ 62. Kc4 Rf6 63. Nf4 Rf5 64. Rd5 Rf8 65. Kd4 Kc6 66. Rxh5
Ra8 67. Ke4 Ra4+ 68. Kf3 Ra3+ 69. Kg4 Ra4 70. Re5 Kd7 71. Re1 Ra3 72. h5 Ra7 73.
h6 Ra1 74. Rxa1 1-0

[Event "Titled Tue 27th May Late"]
[Site "chess.com INT"]
[Date "2025.05.27"]
[Round "6"]
[White "Garcia, Jhoel"]
[Black "Kalyani Sirin"]
[Result "1-0"]
[WhiteTitle "IM"]
[BlackTitle "WFM"]
[WhiteElo "2304"]
[BlackElo "2136"]
[WhiteFideId "3801110"]
[BlackFideId "33323500"]
[EventDate "2025.05.27"]

1. e4 e5 2. Nf3 Nc6 3. Nc3 Nf6 4. Bb5 Bb4 5. d3 d6 6. O-O Bxc3 7. bxc3 O-O 8.
Re1 h6 9. h3 Ne7 10. d4 Ng6 11. Bf1 Re8 12. Rb1 exd4 13. Qxd4 Bd7 14. e5 dxe5
15. Nxe5 Nxe5 16. Rxe5 Bc6 17. Bf4 Nd5 18. Bg3 Rxe5 19. Bxe5 Qg5 20. c4 Ne7 21.
Bxc7 Nf5 22. Qg4 Qxg4 23. hxg4 Nd4 24. Bd3 Re8 25. Kf1 Ne6 26. Bd6 Ng5 27. f3 g6
28. c5 Ne6 29. Re1 Rd8 30. Bxg6 Nxc5 31. Be7 Rd2 32. Bf5 1-0

[Event "Titled Tue 27th May Late"]
[Site "chess.com INT"]
[Date "2025.05.27"]
[Round "6"]
[White "Kikuchi Cadilhac, Mariana Sawae"]
[Black "Garcia Garcia, Samuel 2002 I"]
[Result "1-0"]
[WhiteTitle "WFM"]
[BlackTitle "CM"]
[WhiteElo "1849"]
[BlackElo "2096"]
[WhiteFideId "2144433"]
[BlackFideId "24576158"]
[EventDate "2025.05.27"]

1. d4 d5 2. c4 c6 3. Nc3 dxc4 4. e3 b5 5. Be2 e6 6. Bf3 Bb4 7. Bd2 Bxc3 8. Bxc3
Bb7 9. a4 Qb6 10. axb5 cxb5 11. Ba5 Bxf3 12. Qxf3 Qc6 13. Qg3 g6 14. Nf3 Nd7 15.
O-O Ne7 16. Ne5 Nxe5 17. Qxe5 O-O 18. Bc3 Nd5 19. e4 Nxc3 20. bxc3 a5 21. Rfb1
Rfb8 22. d5 exd5 23. exd5 Qc5 24. Rxa5 Re8 25. Rxa8 Rxa8 26. h3 Rd8 27. Rd1 h5
28. Qg5 Rd6 29. h4 Kg7 30. Qe5+ Rf6 31. Rd2 Qd6 32. Qd4 Kh7 33. Qe4 Rf4 34. Qe8
Kg7 35. g3 Rf3 36. Qe4 Rxc3 37. Qd4+ Qf6 38. d6 Ra3 39. d7 Ra8 40. Qxf6+ Kxf6
41. d8=Q+ Rxd8 42. Rxd8 b4 43. Rd4 Ke5 44. Rxc4 b3 45. Rb4 1-0

[Event "Titled Tue 27th May Late"]
[Site "chess.com INT"]
[Date "2025.05.27"]
[Round "6"]
[White "Zhigalko, Sergei"]
[Black "Ahmad, Khagan"]
[Result "0-1"]
[WhiteTitle "GM"]
[BlackTitle "IM"]
[WhiteElo "2572"]
[BlackElo "2405"]
[WhiteFideId "13502956"]
[BlackFideId "13431552"]
[EventDate "2025.05.27"]

1. e4 c5 2. Nf3 d6 3. Bb5+ Bd7 4. Bxd7+ Qxd7 5. O-O Nf6 6. Re1 Nc6 7. c4 e5 8.
d3 Be7 9. Bg5 Ng8 10. Nc3 Bxg5 11. Nxg5 h6 12. Nf3 Nge7 13. a3 O-O 14. Rb1 f5
15. b4 b6 16. bxc5 bxc5 17. Qa4 fxe4 18. Nxe4 Rxf3 19. gxf3 Qh3 20. Re3 Nd4 21.
f4 Nf3+ 22. Rxf3 Qxf3 23. Qd7 Ng6 24. Qb7 Qg4+ 25. Ng3 Rf8 26. f5 Nh4 27. Qe4
Qg5 28. Rb7 Qc1+ 29. Nf1 Rxf5 30. Rb8+ Kh7 0-1

[Event "Titled Tue 27th May Late"]
[Site "chess.com INT"]
[Date "2025.05.27"]
[Round "6"]
[White "Piddubna, Bozhena"]
[Black "Ferrara, Enzo"]
[Result "1-0"]
[WhiteTitle "WFM"]
[WhiteElo "2174"]
[BlackElo "2138"]
[WhiteFideId "34109293"]
[BlackFideId "137731"]
[EventDate "2025.05.27"]

1. d4 f5 2. c4 Nf6 3. Nf3 g6 4. g3 Bg7 5. Bg2 O-O 6. O-O d6 7. Qb3 Kh8 8. Nc3
Nc6 9. Rd1 Na5 10. Qa4 Nc6 11. d5 Ne5 12. Nxe5 dxe5 13. e4 Nd7 14. exf5 gxf5 15.
Bg5 Nc5 16. Qc2 h6 17. Bh4 e4 18. f3 exf3 19. Bxf3 f4 20. g4 a6 21. Re1 Rf7 22.
Qg6 Qg8 23. Kg2 Bxc3 24. Qxg8+ Kxg8 25. bxc3 Kf8 26. h3 Bd7 27. Rab1 Ba4 28. Bf2
Nd3 29. Re6 Nxf2 30. Kxf2 Rb8 31. Rxh6 Kg7 32. Rxa6 Bc2 33. Rb2 Bd3 34. Ra7 Bxc4
35. Raxb7 Rxb7 36. Rxb7 Bxa2 37. Rxc7 Kf6 38. Rc6+ Kg5 39. Be4 f3 40. d6 exd6
41. Rxd6 Rc7 42. Kg3 Rxc3 43. h4# 1-0

[Event "Titled Tue 27th May Late"]
[Site "chess.com INT"]
[Date "2025.05.27"]
[Round "6"]
[White "Hoeffer, David"]
[Black "Dambaev, Dashi"]
[Result "1-0"]
[WhiteTitle "FM"]
[BlackTitle "CM"]
[WhiteElo "2295"]
[BlackElo "2211"]
[WhiteFideId "24606766"]
[BlackFideId "55628494"]
[EventDate "2025.05.27"]

1. e4 c5 2. Nf3 d6 3. d4 cxd4 4. Nxd4 Nf6 5. Nc3 g6 6. h4 h5 7. Bg5 Bg7 8. Qd2
Nc6 9. Bb5 Bd7 10. Bxc6 bxc6 11. O-O Ng4 12. Nde2 Qb6 13. b3 O-O 14. a4 Rfe8 15.
a5 Qc5 16. Ra4 Rab8 17. Nd1 Be5 18. Ne3 f6 19. Nxg4 Bxg4 20. Be3 Qb5 21. f3 Bd7
22. Bxa7 Ra8 23. Be3 c5 24. Rb1 Ra6 25. f4 Qb7 26. Ra2 Bd4 27. Nxd4 cxd4 28.
Qxd4 e5 29. Qd5+ Qxd5 30. exd5 Bf5 31. Rba1 Rc8 32. c4 Rb8 33. Rb2 Bd3 34. Raa2
Rba8 35. Bd2 exf4 36. Bxf4 g5 37. hxg5 fxg5 38. Bd2 Kf7 39. Kf2 Ke7 40. Ke3 Bf5
41. Kd4 1-0

[Event "Titled Tue 27th May Late"]
[Site "chess.com INT"]
[Date "2025.05.27"]
[Round "6"]
[White "Danila, Tudor-Gabriel"]
[Black "Holinka, Henning"]
[Result "1-0"]
[WhiteTitle "CM"]
[BlackTitle "FM"]
[WhiteElo "2178"]
[BlackElo "2303"]
[WhiteFideId "1274244"]
[BlackFideId "12967084"]
[EventDate "2025.05.27"]

1. e4 d5 2. exd5 Nf6 3. d4 Bg4 4. Nf3 Nxd5 5. c4 Nb6 6. c5 Nd5 7. Qb3 Bc8 8. Bc4
c6 9. Nc3 e6 10. O-O Be7 11. Re1 O-O 12. Bd2 b5 13. cxb6 axb6 14. Rad1 Ba6 15.
Bxd5 cxd5 16. Ne5 Qd6 17. Rc1 Nd7 18. Nxd7 Qxd7 19. Na4 Rfb8 20. Bf4 Bc4 21. Qg3
Rb7 22. Nc3 Kh8 23. a3 Rc8 24. Be5 f6 25. Bf4 Bf8 26. h4 Re8 27. h5 Ba6 28. h6
g5 29. Bxg5 fxg5 30. Qe5+ Bg7 31. hxg7+ Qxg7 32. Qxd5 exd5 33. Rxe8+ Qg8 34.
Rxg8+ Kxg8 35. Nxd5 Rd7 36. Nf6+ 1-0

[Event "Titled Tue 27th May Late"]
[Site "chess.com INT"]
[Date "2025.05.27"]
[Round "6"]
[White "Suleymanli, Suleyman"]
[Black "Sharankov, Grigory"]
[Result "1-0"]
[WhiteTitle "FM"]
[BlackTitle "CM"]
[WhiteElo "2322"]
[BlackElo "2238"]
[WhiteFideId "13416375"]
[BlackFideId "4168356"]
[EventDate "2025.05.27"]

1. Nf3 Nf6 2. g3 b5 3. Bg2 Bb7 4. d4 e6 5. O-O Be7 6. Qd3 b4 7. Bg5 Be4 8. Qb3
a5 9. Bxf6 Bxf6 10. Nbd2 Bc6 11. a3 Na6 12. axb4 Nxb4 13. c3 Nd5 14. e4 Nb6 15.
c4 a4 16. Qd3 d6 17. d5 Bd7 18. dxe6 Bxe6 19. Nd4 Bxd4 20. Qxd4 O-O 21. Ra3 c5
22. Qd3 Qf6 23. e5 Qxe5 24. Bxa8 Rxa8 25. Qc3 Qe2 26. Qd3 Bxc4 27. Qxe2 Bxe2 28.
Re1 Bb5 29. Ne4 Nc4 30. Ra2 Kf8 31. b3 Bc6 32. bxc4 1-0

[Event "Titled Tue 27th May Late"]
[Site "chess.com INT"]
[Date "2025.05.27"]
[Round "6"]
[White "Petriashvili, Nikoloz"]
[Black "Sydoryka, Vladyslav"]
[Result "1-0"]
[WhiteTitle "IM"]
[BlackTitle "FM"]
[WhiteElo "2468"]
[BlackElo "2224"]
[WhiteFideId "13611216"]
[BlackFideId "14145928"]
[EventDate "2025.05.27"]

1. d4 Nf6 2. c4 e6 3. Nc3 Bb4 4. e3 O-O 5. Bd3 d5 6. Ne2 dxc4 7. Bxc4 c5 8. O-O
cxd4 9. exd4 b6 10. Bg5 Bb7 11. a3 Be7 12. Rc1 Nc6 13. Re1 Rc8 14. Ba2 Nd5 15.
Bxe7 Ncxe7 16. Qd2 Qd7 17. Rcd1 Rfd8 18. Nxd5 Bxd5 19. Bb1 Ng6 20. Bxg6 hxg6 21.
Rc1 Bb7 22. Rxc8 Rxc8 23. Rc1 Rc6 24. Rxc6 Qxc6 25. f3 Ba6 26. Nc3 Qc4 27. h3
Qc7 28. Kf2 Bb7 29. Qe3 a6 30. Qe5 Qd7 31. h4 f6 32. Qf4 Kh7 33. Ke3 b5 34. Qb8
a5 35. Qa7 b4 36. axb4 axb4 37. Ne4 Qd5 38. Nc5 Bc6 39. Qf7 e5 40. Qxd5 Bxd5 41.
dxe5 fxe5 42. Nd3 b3 43. Nxe5 Kh6 44. g4 g5 45. h5 Bb7 46. Nf7+ Kh7 47. Nxg5+
Kg8 48. Ne6 Bd5 49. Nd4 Kf7 50. Kf4 Kf6 51. g5+ Ke7 52. Ke5 Bb7 53. f4 Bg2 54.
f5 Bf1 55. Nxb3 Be2 56. h6 gxh6 57. gxh6 Kf7 58. Nd4 Bc4 59. b4 Kg8 60. Kf6 Kh7
61. Kg5 Kg8 62. b5 Kf7 63. b6 Bd5 64. f6 Be4 65. Nf5 Ke6 66. h7 1-0

[Event "Titled Tue 27th May Late"]
[Site "chess.com INT"]
[Date "2025.05.27"]
[Round "6"]
[White "Avila Bautista, Roberto Al"]
[Black "Saidov, Bilukhadzh"]
[Result "0-1"]
[WhiteTitle "FM"]
[BlackTitle "FM"]
[WhiteElo "2306"]
[BlackElo "2309"]
[WhiteFideId "5119987"]
[BlackFideId "34165476"]
[EventDate "2025.05.27"]

1. Nf3 d5 2. b3 Nf6 3. Bb2 Bf5 4. c4 e6 5. g3 h6 6. Bg2 c6 7. O-O Nbd7 8. d3 Bc5
9. a3 a5 10. Nbd2 O-O 11. Ra2 Re8 12. Qa1 Bh7 13. Ne5 Nxe5 14. Bxe5 d4 15. Nf3
Nd7 16. Bxd4 e5 17. Bc3 f6 18. b4 Ba7 19. Nd2 Nf8 20. b5 Rc8 21. bxc6 bxc6 22.
Rb2 Ne6 23. Rb7 Bd4 24. Bh3 Bxc3 25. Bxe6+ Rxe6 26. Qxc3 Bf5 27. Rfb1 Bh3 28.
Ra7 Ra8 29. Rbb7 Rxa7 30. Rxa7 Qd4 31. Ra8+ Kh7 32. Qxd4 exd4 33. Ne4 f5 34. f3
fxe4 35. dxe4 Re5 36. Kf2 Be6 37. Ra6 Rc5 0-1

[Event "Titled Tue 27th May Late"]
[Site "chess.com INT"]
[Date "2025.05.27"]
[Round "6"]
[White "Donchenko, Alexander"]
[Black "Lazavik, Denis"]
[Result "1-0"]
[WhiteTitle "GM"]
[BlackTitle "GM"]
[WhiteElo "2615"]
[BlackElo "2577"]
[WhiteFideId "24603295"]
[BlackFideId "13515110"]
[EventDate "2025.05.27"]

1. d4 Nf6 2. c4 b6 3. Nc3 Bb7 4. Qc2 Nc6 5. Nf3 Nb4 6. Qa4 a5 7. a3 e6 8. e3 Be7
9. Be2 O-O 10. O-O Ne4 11. Qb3 Na6 12. c5 a4 13. Nxa4 Bd5 14. Qc2 bxc5 15. Nc3
Nxc3 16. bxc3 cxd4 17. cxd4 f5 18. Bd2 c5 19. Rfc1 cxd4 20. Nxd4 Nc5 21. Bb4 Ne4
22. Bf3 Rf7 23. Bxe7 Qxe7 24. a4 Rff8 25. a5 Nf6 26. Bxd5 Nxd5 27. Qd2 Ra6 28.
h3 g6 29. Qd3 Qd6 30. Nb5 Qe5 31. Nc3 Rd6 32. Nxd5 Rxd5 33. Qa3 f4 34. a6 fxe3
35. Qxe3 Qxe3 36. fxe3 Ra8 37. a7 Kf7 38. Rcb1 1-0

[Event "Titled Tue 27th May Late"]
[Site "chess.com INT"]
[Date "2025.05.27"]
[Round "6"]
[White "Zhu, Jiner"]
[Black "Shirov, Alexei"]
[Result "1-0"]
[WhiteTitle "GM"]
[BlackTitle "GM"]
[WhiteElo "2541"]
[BlackElo "2620"]
[WhiteFideId "8608059"]
[BlackFideId "2209390"]
[EventDate "2025.05.27"]

1. Nf3 d5 2. c4 d4 3. b4 f6 4. d3 e5 5. b5 g5 6. g3 h5 7. h4 g4 8. Nfd2 c5 9.
bxc6 Nxc6 10. Bg2 f5 11. O-O Nf6 12. Nb3 a5 13. Bg5 a4 14. N3d2 Be7 15. c5 Nd7
16. Bxe7 Qxe7 17. Na3 Nxc5 18. Nb5 Be6 19. Qc1 Rc8 20. Qa3 Na5 21. Rfc1 b6 22.
e3 dxe3 23. fxe3 Qd7 24. Rab1 O-O 25. d4 exd4 26. exd4 f4 27. gxf4 Ncb3 28. axb3
Qxb5 29. bxa4 Qe2 30. Ne4 Rxc1+ 31. Rxc1 Nc4 32. Qe7 Qe3+ 33. Kh2 Qxf4+ 34. Ng3
Bf7 35. Rf1 Qd6 36. Qg5+ Qg6 37. Qxg6+ Bxg6 38. Bd5+ Kg7 39. Rxf8 Kxf8 40. Bxc4
Ke7 41. Kg2 Be8 42. Bb3 Kd6 43. Kf2 1-0

[Event "Titled Tue 27th May Late"]
[Site "chess.com INT"]
[Date "2025.05.27"]
[Round "6"]
[White "Thorhallsson, Simon"]
[Black "Wu, Derek"]
[Result "0-1"]
[WhiteTitle "FM"]
[BlackTitle "FM"]
[WhiteElo "2218"]
[BlackElo "2232"]
[WhiteFideId "2310090"]
[BlackFideId "30914558"]
[EventDate "2025.05.27"]

1. Nf3 d5 2. g3 Nc6 3. Bg2 e5 4. d3 f6 5. O-O Be6 6. c4 dxc4 7. dxc4 Qxd1 8.
Rxd1 Bxc4 9. Nc3 Bd6 10. Nd2 Be6 11. Nde4 O-O-O 12. Nb5 Be7 13. Rxd8+ Kxd8 14.
Be3 a6 15. Rd1+ Kc8 16. Nbc3 Nh6 17. Bc5 Rd8 18. Rxd8+ Kxd8 19. Bxe7+ Kxe7 20.
Nc5 Bc8 21. Nxa6 bxa6 22. Bxc6 Nf5 23. e3 Be6 24. Kf1 Nd6 25. Ke2 g5 26. b4 Nb5
27. Nxb5 axb5 28. a4 bxa4 29. Bxa4 Kd6 30. Kd3 Bf5+ 31. Kc4 Be4 32. Bd1 Bd5+ 33.
Kc3 c5 34. b5 Kc7 35. Bb3 Bxb3 36. Kxb3 Kb6 37. Kc4 g4 38. e4 h6 39. Kd5 Kxb5
40. Ke6 c4 41. Kxf6 c3 42. Kxe5 c2 43. Kf4 c1=Q+ 44. Kxg4 Qg1 45. Kh5 Qxh2+ 46.
Kg6 Qxf2 47. g4 Qf4 0-1

[Event "Titled Tue 27th May Late"]
[Site "chess.com INT"]
[Date "2025.05.27"]
[Round "6"]
[White "Sieciechowicz, Marcin"]
[Black "Adewumi, Tanitoluwa"]
[Result "0-1"]
[WhiteTitle "IM"]
[BlackTitle "FM"]
[WhiteElo "2410"]
[BlackElo "2376"]
[WhiteFideId "1130170"]
[BlackFideId "30966396"]
[EventDate "2025.05.27"]

1. d4 Nf6 2. c4 g6 3. Nc3 Bg7 4. e4 O-O 5. Be2 d6 6. Be3 c5 7. d5 e6 8. Nf3 exd5
9. cxd5 b5 10. e5 dxe5 11. Bxc5 Re8 12. Bxb5 Nbd7 13. Be3 Qa5 14. O-O Bb7 15.
Qa4 Qxa4 16. Bxa4 Rec8 17. Rfd1 Nb6 18. Bb3 e4 19. Ng5 Nc4 20. Bxc4 Rxc4 21. Bd4
Re8 22. Nb5 Rd8 23. d6 h6 24. Nh3 a6 25. Na3 Rc6 26. Be5 Ng4 27. Bxg7 Kxg7 28.
d7 Rf6 29. Rac1 Bc6 30. Nc4 Rxd7 31. Rxd7 Bxd7 32. Ne3 Ne5 0-1

[Event "Titled Tue 27th May Late"]
[Site "chess.com INT"]
[Date "2025.05.27"]
[Round "6"]
[White "Sklokin, Sergey"]
[Black "Ismagilov, Damir"]
[Result "1-0"]
[WhiteTitle "FM"]
[BlackTitle "CM"]
[WhiteElo "2311"]
[BlackElo "2173"]
[WhiteFideId "55730230"]
[BlackFideId "34199982"]
[EventDate "2025.05.27"]

1. d4 Nf6 2. c4 e6 3. Nf3 h6 4. g3 Bb4+ 5. Bd2 Be7 6. Bg2 O-O 7. O-O d5 8. Qc2
c6 9. Nc3 dxc4 10. e4 b5 11. e5 Nd5 12. Ne4 Nd7 13. h4 Bb7 14. Rad1 c5 15. Qc1
Kh7 16. Qb1 Kh8 17. Qc1 Kh7 18. dxc5 Nxc5 19. Nxc5 Bxc5 20. Nh2 f5 21. exf6 Qxf6
22. Be4+ Kh8 23. Ng4 Qd4 24. Rde1 h5 25. Bc3 Nxc3 26. bxc3 Qxe4 27. Rxe4 Bxe4
28. Ne5 Rxf2 29. Rxf2 Rf8 30. Qg5 Bxf2+ 31. Kh2 Rf5 32. Qd8+ Kh7 33. Nd7 Be1 34.
Nf8+ Kh6 35. Nxe6 Rf2+ 36. Kg1 1-0

[Event "Titled Tue 27th May Late"]
[Site "chess.com INT"]
[Date "2025.05.27"]
[Round "6"]
[White "Tologon tegin, Semetei"]
[Black "Mgeladze, Tamaz"]
[Result "1-0"]
[WhiteTitle "IM"]
[BlackTitle "IM"]
[WhiteElo "2313"]
[BlackElo "2388"]
[WhiteFideId "13800574"]
[BlackFideId "13601202"]
[EventDate "2025.05.27"]

1. f4 c5 2. Nf3 Nc6 3. e3 g6 4. Bb5 Qb6 5. c4 a6 6. Ba4 Bg7 7. O-O Bxb2 8. Bxb2
Qxb2 9. Nc3 Qb6 10. Rb1 Qa5 11. Nd5 Nf6 12. Nb6 Rb8 13. Ne5 O-O 14. a3 d6 15.
Bxc6 dxe5 16. fxe5 bxc6 17. Nxc8 Rfxc8 18. exf6 exf6 19. Rxb8 Rxb8 20. Rxf6 Qxa3
21. Rxc6 Qd3 22. Kf2 Qf5+ 23. Qf3 Qd3 24. Qd5 Qc2 25. Rxc5 Qd1 26. h3 Re8 27.
Rc7 Re6 28. Kg3 Rf6 29. Qd8+ Kg7 30. Qd4 a5 31. Rc6 Qe1+ 32. Kh2 Qf1 33. Ra6 h5
34. Rxa5 Kh7 35. Ra8 Qf2 36. Rd8 h4 37. Qe5 Qf1 38. c5 Qa6 39. d4 1-0

[Event "Titled Tue 27th May Late"]
[Site "chess.com INT"]
[Date "2025.05.27"]
[Round "6"]
[White "Gelman, Alexander"]
[Black "Mizzi, Jack"]
[Result "1-0"]
[WhiteTitle "IM"]
[BlackTitle "CM"]
[WhiteElo "2403"]
[BlackElo "2086"]
[WhiteFideId "4118316"]
[BlackFideId "5602521"]
[EventDate "2025.05.27"]

1. d4 Nf6 2. Nc3 d5 3. Bf4 c6 4. f3 Bf5 5. g4 Bc8 6. h4 Qb6 7. Qd2 Qxb2 8. Rb1
Qa3 9. e3 e6 10. Bd3 Qa5 11. Nge2 Na6 12. Kf2 Nb4 13. h5 Nxd3+ 14. cxd3 h6 15.
e4 Be7 16. Kg2 b5 17. Nxd5 Qxd2 18. Nxf6+ Bxf6 19. Bxd2 a5 20. Rhc1 Bb7 21. Bf4
O-O 22. Bd6 Rfd8 23. Bc5 a4 24. Kf2 Ba6 25. Ke3 Rd7 26. Bb4 Rc8 27. Rc2 Bb7 28.
Rbc1 Bd8 29. a3 Bb6 30. Bc5 Ba5 31. f4 Bd8 32. Rg1 Kh7 33. g5 f6 34. gxh6 gxh6
35. Rg6 Rg7 36. f5 exf5 37. exf5 Rcc7 38. Nf4 Bc8 39. Ke4 Rcf7 40. Rcg2 Kg8 41.
Ne6 Bxe6 42. fxe6 Rc7 43. Kf5 Rxg6 44. Rxg6+ Kh7 45. Rxf6 Bxf6 46. Kxf6 Rg7 47.
e7 Rg8 48. Kf7 Rg7+ 49. Ke6 Rg8 50. Kd7 Rg7 51. Kd8 Rg8+ 52. e8=Q Rxe8+ 53. Kxe8
Kg7 54. Kd7 Kf6 55. Kxc6 b4 56. d5 b3 57. Bd4+ Kg5 58. d6 1-0

[Event "Titled Tue 27th May Late"]
[Site "chess.com INT"]
[Date "2025.05.27"]
[Round "6"]
[White "Zlatkov, Anton"]
[Black "Zuferi, Enis"]
[Result "1-0"]
[WhiteTitle "FM"]
[BlackTitle "FM"]
[WhiteElo "2322"]
[BlackElo "2351"]
[WhiteFideId "15005402"]
[BlackFideId "24692530"]
[EventDate "2025.05.27"]

1. e4 c5 2. Nf3 d6 3. d4 cxd4 4. Nxd4 Nf6 5. Nc3 a6 6. Qd3 Nbd7 7. Bg5 b5 8.
O-O-O Bb7 9. f4 e6 10. e5 dxe5 11. fxe5 Nxe5 12. Qg3 Qb8 13. Be2 b4 14. Bf4 Bd6
15. Qxg7 Rg8 16. Qxf6 Rg6 17. Qh8+ Ke7 18. Qxb8 Rxb8 19. Bxe5 Bxe5 20. Na4 Bxg2
21. Rhg1 Rc8 22. Bf3 Bxd4 23. Rxg2 Be3+ 24. Kb1 Rf6 25. Bb7 Rd8 26. Re1 Bf2 27.
Rh1 a5 28. a3 bxa3 29. b3 Bd4 30. Be4 h5 31. Bd3 Be5 32. Ka2 Bd6 33. Rg5 h4 34.
Rxa5 Rg8 35. h3 Rg2 36. Nb6 Kf8 37. Nd7+ Kg7 38. Nxf6 Kxf6 39. Ra4 Be5 40. Rxh4 1-0

[Event "Titled Tue 27th May Late"]
[Site "chess.com INT"]
[Date "2025.05.27"]
[Round "6"]
[White "Tarnowska, Aleksandra"]
[Black "Reinecke, Katharina"]
[Result "1-0"]
[WhiteTitle "WCM"]
[BlackTitle "WCM"]
[WhiteElo "1882"]
[BlackElo "1921"]
[WhiteFideId "1180967"]
[BlackFideId "12929727"]
[EventDate "2025.05.27"]

1. e4 c6 2. d4 d5 3. Nc3 b5 4. exd5 b4 5. Ne4 cxd5 6. Nc5 e6 7. Nf3 Nd7 8. Bb5
a6 9. Ba4 Nf6 10. Ne5 Bd6 11. Bg5 Bxc5 12. dxc5 O-O 13. Bxd7 Bxd7 14. Nxd7 Qxd7
15. Bxf6 gxf6 16. Qg4+ Kh8 17. Qxb4 Qb5 18. a3 Rfb8 19. Qxb5 Rxb5 20. b4 a5 21.
Rb1 axb4 22. axb4 Rab8 23. Kd2 Rxb4 24. Rxb4 Rxb4 25. Ra1 Rc4 26. Ra7 Kg7 27.
Rc7 e5 28. c3 d4 29. cxd4 exd4 30. Kd3 Rc3+ 31. Kxd4 Rc2 32. Ke3 Kg6 33. c6 Kf5
34. Rxf7 Rxc6 35. Rxh7 Re6+ 36. Kf3 Ra6 37. g3 Ra3+ 38. Kg2 Kg4 39. h4 f5 40.
Rg7+ Kh5 41. Rg5+ Kh6 42. Rxf5 Ra2 43. g4 Ra4 44. Kg3 Kg6 45. f3 Ra3 46. h5+ Kh6
47. Rf6+ Kg7 48. g5 Ra5 49. Kg4 Rc5 50. f4 Rd5 51. h6+ Kh7 52. Rf7+ Kg8 53. g6
Rd6 54. Kg5 Rd5+ 55. f5 Rd2 56. h7+ Kh8 57. Rf8+ Kg7 58. Rg8# 1-0

[Event "Titled Tue 27th May Late"]
[Site "chess.com INT"]
[Date "2025.05.27"]
[Round "6"]
[White "Wagner, Dennis"]
[Black "Kilic, Eray"]
[Result "1-0"]
[WhiteTitle "GM"]
[BlackTitle "IM"]
[WhiteElo "2616"]
[BlackElo "2469"]
[WhiteFideId "24650684"]
[BlackFideId "44517173"]
[EventDate "2025.05.27"]

1. e4 c5 2. Nf3 d6 3. d4 cxd4 4. Nxd4 Nf6 5. Nc3 a6 6. f3 e5 7. Nb3 Be6 8. Be3
h5 9. Qd2 Nbd7 10. O-O-O Rc8 11. Kb1 Be7 12. h3 h4 13. Bd3 b5 14. f4 Nb6 15. Qf2
Nc4 16. Bxc4 bxc4 17. Nc5 exf4 18. Qxf4 O-O 19. Nxe6 fxe6 20. Qxh4 Qa5 21. Qg5
e5 22. Bc1 Rb8 23. Qg3 Rb7 24. Ka1 Rfb8 25. Rhf1 d5 26. Nxd5 Nxd5 27. Rxd5 Qa4
28. Qf2 Rf8 29. Rd8 Rxd8 30. Qf7+ Kh7 31. Qh5+ Kg8 32. Qf7+ Kh7 33. Rf5 Bg5 34.
Qxb7 1-0

[Event "Titled Tue 27th May Late"]
[Site "chess.com INT"]
[Date "2025.05.27"]
[Round "6"]
[White "Zilberstein, Dmitry"]
[Black "Guliev, Gasan"]
[Result "1-0"]
[WhiteTitle "IM"]
[BlackTitle "CM"]
[WhiteElo "2358"]
[BlackElo "2123"]
[WhiteFideId "2010739"]
[BlackFideId "34165638"]
[EventDate "2025.05.27"]

1. d4 Nf6 2. c4 e6 3. Nf3 b6 4. Nc3 Bb4 5. e3 Bb7 6. Bd3 O-O 7. O-O Bxc3 8. bxc3
Ne4 9. Ne1 f5 10. f3 Nf6 11. Qe2 d5 12. cxd5 Nxd5 13. c4 Nf4 14. Qf2 Nxd3 15.
Nxd3 Ba6 16. Qc2 Nc6 17. Bb2 Qg5 18. Nf4 Rae8 19. Rfe1 e5 20. Nd5 exd4 21. exd4
Na5 22. Rxe8 Rxe8 23. Nxc7 Qe3+ 24. Qf2 Bxc4 25. Nxe8 Qxe8 26. d5 Bxd5 27. Qd4
Qf7 28. Rd1 Bc6 29. Qc3 h6 30. Rd8+ Kh7 31. h3 Nc4 32. Ba1 b5 33. Qd4 a5 34. Rc8
Bb7 35. Rd8 Bc6 36. Rc8 Bb7 37. Rc5 Qg6 38. Rxf5 Qxf5 39. Qxg7# 1-0

[Event "Titled Tue 27th May Late"]
[Site "chess.com INT"]
[Date "2025.05.27"]
[Round "6"]
[White "Plat, Vojtech"]
[Black "Novosel, Lovro"]
[Result "1-0"]
[WhiteTitle "GM"]
[BlackTitle "FM"]
[WhiteElo "2482"]
[BlackElo "2346"]
[WhiteFideId "325740"]
[BlackFideId "14547120"]
[EventDate "2025.05.27"]

1. e4 c5 2. Nf3 d6 3. d4 cxd4 4. Qxd4 Nc6 5. Bb5 Bd7 6. Bxc6 Bxc6 7. Nc3 Nf6 8.
Bg5 e6 9. O-O-O Be7 10. Rhe1 O-O 11. Qd2 h6 12. Bxf6 Bxf6 13. Nd4 Rc8 14. Kb1 a6
15. f4 b5 16. e5 dxe5 17. fxe5 Bg5 18. Qf2 Qb6 19. h4 Be7 20. Qg3 Rfd8 21. Nce2
Be4 22. Qf4 Bg6 23. Rf1 h5 24. Rd2 a5 25. Ka1 b4 26. Rfd1 a4 27. g4 a3 28. b3
Rd5 29. gxh5 Bxh5 30. Rf1 Rcd8 31. Rd3 Bc5 32. Qg5 Bxd4+ 33. Nxd4 Rxd4 34. Qxh5
g6 35. Qf3 R8d7 36. Kb1 Rxd3 37. cxd3 Qd4 38. Rf2 Qxe5 39. Rc2 Qe1+ 40. Rc1 Qxh4
41. Qe3 Qd4 42. Qxd4 Rxd4 43. Rc8+ Kg7 44. Kc2 g5 45. Kd2 g4 46. Ke3 f5 47. Kxd4
g3 48. Ke3 e5 49. Rc1 1-0